000 00378nam a22001457a 4500
008 250524b |||||||| |||| 00| 0 eng d
020 _a0201624427
050 _aQA37
_b.C76
100 _aCroft, Anthony
245 _aIntroduction to engineering mathematics
260 _aEngland
_bAddison-wesley
_c1998
300 _axii,762
650 _a engineering mathematics
942 _cBK
999 _c3649
_d3649